| 000 | 05815cam a22019214i 4500 | ||
|---|---|---|---|
| 003 | PE-LiUPU | ||
| 005 | 20250813165414.0 | ||
| 008 | 150609s2013 mx rb 001 0 spa d | ||
| 020 | _a9786074483277 | ||
| 035 | _a(Sirsi) i9786074483277 | ||
| 040 |
_aERH _bspa _cERH _ePE-LiUPU _erda |
||
| 041 | 1 |
_aspa _heng |
|
| 049 | _aPRUA | ||
| 082 | 0 | 4 |
_a610.7368 _bS31 |
| 082 | 0 | 4 |
_a610.7368 _bS29 2013 |
| 100 | 1 |
_aSchultz, Judith M., _eautor. |
|
| 245 | 1 | 0 |
_aEnfermería psiquiátrica : _bplanes de cuidado / _cJudith M. Schultz , Sheila L. Videbeck ; traducción por Gabriela Enríquez Cotera ; editor responsable, Martín Moreno. |
| 264 | 1 |
_aMéxico, D.F. : _bManual Moderno, _c2013. |
|
| 300 |
_axi, 391 páginas ; _c24 centímetros |
||
| 336 |
_atext _2rdacontent |
||
| 337 |
_aunmediated _2rdamedia |
||
| 338 |
_avolume _2rdacarrier |
||
| 504 | _aBibliografía : páginas 349-350. | ||
| 504 | _aÍndice : páginas 385-391. | ||
| 505 | 0 | _aUso del libro -- Consideraciones clave en los cuidados de enfermería para la salud mental -- Planes de cuidados -- Planes de cuidados generales -- Atención con base comunitaria -- Trastornos de diagnóstico durante la niñez o la adolescencia -- Síndrome confusional, demencia y lesión encefálica -- Trastornos relacionados con el uso de sustancias -- Esquizofrenia, trastornos y síntomas psicóticos -- Trastornos del estado de ánimo y comportamientos relacionados -- Trastornos de ansiedad -- Trastornos somatomorfos y disociativos -- Trastornos de la alimentación -- Trastornos del sueño y trastornos de adaptación -- Trastornos de la personalidad -- Planes de cuidados conductuales y orientados por problemas. | |
| 526 | _aP203 | ||
| 526 | _aP200 | ||
| 526 | _aSEG65 | ||
| 526 | _aSEG64 | ||
| 526 | _aSEG63 | ||
| 526 | _aSEG62 | ||
| 526 | _aSEG61 | ||
| 526 | _aSEG60 | ||
| 526 | _aSEG59 | ||
| 526 | _aSEG58 | ||
| 526 | _aSEG57 | ||
| 526 | _aSEG56 | ||
| 526 | _aSEG55 | ||
| 526 | _aSEG54 | ||
| 526 | _aSEG53 | ||
| 526 | _aSEG52 | ||
| 526 | _aSEG51 | ||
| 526 | _aSEG50 | ||
| 526 | _aSEG49 | ||
| 526 | _aSEG48 | ||
| 526 | _aSEG47 | ||
| 526 | _aSEG46 | ||
| 526 | _aSEG24 | ||
| 526 | _aSEG23 | ||
| 526 | _aSEG22 | ||
| 526 | _aSEG21 | ||
| 526 | _aSEG20 | ||
| 526 | _aSEG19 | ||
| 526 | _aSEG18 | ||
| 526 | _aSEG17 | ||
| 526 | _aSEG16 | ||
| 526 | _aSEG14 | ||
| 526 | _aSEG13 | ||
| 526 | _aSEG12 | ||
| 526 | _aSEG11 | ||
| 526 | _aSEG10 | ||
| 526 | _aSEG09 | ||
| 526 | _aSEG06 | ||
| 526 | _aSEG05 | ||
| 526 | _aSEG04 | ||
| 526 | _aSEG03 | ||
| 526 | _aSEG02 | ||
| 526 | _aSEG68 | ||
| 526 | _aSEG66 | ||
| 526 | _aSEG45 | ||
| 526 | _aSEG25 | ||
| 526 | _aSEG01 | ||
| 526 | _aP163 | ||
| 526 | _aP162 | ||
| 526 | _aP161 | ||
| 526 | _aP160 | ||
| 526 | _aP159 | ||
| 526 | _aP158 | ||
| 526 | _aP157 | ||
| 526 | _aP156 | ||
| 526 | _aP155 | ||
| 526 | _aP154 | ||
| 526 | _aP153 | ||
| 526 | _aP152 | ||
| 526 | _aP151 | ||
| 526 | _aP150 | ||
| 526 | _aP149 | ||
| 526 | _aP142 | ||
| 526 | _aP141 | ||
| 526 | _aP140 | ||
| 526 | _aP139 | ||
| 526 | _aP138 | ||
| 526 | _aP137 | ||
| 526 | _aP132 | ||
| 526 | _aP131 | ||
| 526 | _aP130 | ||
| 526 | _aP126 | ||
| 526 | _aP125 | ||
| 526 | _aP124 | ||
| 526 | _aP123 | ||
| 526 | _aP115 | ||
| 526 | _aP122 | ||
| 526 | _aP121 | ||
| 526 | _aP116 | ||
| 526 | _a P114 | ||
| 526 | _aP112 | ||
| 526 | _aP111 | ||
| 526 | _aP104 | ||
| 526 | _aP103 | ||
| 526 | _aP102 | ||
| 526 | _aP101 | ||
| 526 | _aP100 | ||
| 526 | _aP96 | ||
| 526 | _aP95 | ||
| 526 | _aP93 | ||
| 526 | _aP92 | ||
| 526 | _aP91 | ||
| 526 | _aP88 | ||
| 526 | _aP83 | ||
| 526 | _aP82 | ||
| 526 | _aP79 | ||
| 526 | _aP78 | ||
| 526 | _aP75 | ||
| 526 | _aP74 | ||
| 526 | _aP71 | ||
| 526 | _aP69 | ||
| 526 | _a P51 | ||
| 526 | _aP49 | ||
| 526 | _aP48 | ||
| 526 | _aP47 | ||
| 526 | _aP33 | ||
| 526 | _aP31 | ||
| 526 | _a P30 | ||
| 526 | _aP29 | ||
| 526 | _aP27 | ||
| 526 | _aP26 | ||
| 526 | _aP25 | ||
| 526 | _aP24 | ||
| 526 | _a P22 | ||
| 526 | _aP10 | ||
| 526 | _aP09 | ||
| 526 | _a P08 | ||
| 526 | _aP06 | ||
| 526 | _aP05 | ||
| 526 | _aP04 | ||
| 526 | _aP01 | ||
| 534 |
_apTítulo original : _tLippincott's manual of psychiatric nursing: care plans, 9th ed. |
||
| 541 | _g0001-000326; | ||
| 650 | 4 | _aEnfermería psiquiátrica. | |
| 700 | 1 |
_aEnríquez Cotera, Gabriela, _etraducctor. |
|
| 700 | 1 |
_aVidebeck, Sheila L., _eautor. |
|
| 910 |
_aaas _bjck _caas _d20150609 |
||
| 942 |
_2ddc _cBOOK |
||
| 949 |
_a610.7368 S29 2013 _wDEWEY _c1 _iFJ09856 _lCCODEBUJ1 _mBUJ _p62.00 _r0 _sY _tBOOK _u2015-9-16 _xSALUD _PP22 _0COMPRA _o.STAFF. Colección General Juliaca |
||
| 949 |
_a610.7368 S31 _wDEWEY _c1 _i71220 _lCCODEBUL1 _mBUL _p62.84 _r0 _sY _tBOOK _u2015-6-9 _xSALUD _PP22 _0COMPRA _o.STAFF. Colección General |
||
| 949 |
_a610.7368 S31 _wDEWEY _c2 _i71221 _d2016-6-23 _e2016-6-19 _lCCODEBUL1 _mBUL _n3 _p62.84 _r0 _sY _tBOOK _u2015-6-9 _xSALUD _PP22 _0COMPRA _o.STAFF. Colección General |
||
| 994 |
_aC0 _bPEPRU |
||
| 596 | _a1 3 | ||
| 999 |
_a610.7368 S31 _wDEWEY _c16752 _i71220 _d16752 _e2018-10-28 _f2021-11-3 _g5 _lCCODEBUL1 _mBUL _n11 _p62.84 _q2 _r0 _sY _tBOOK _u2015-6-9 _xSALUD _PP22 _0COMPRA _o.STAFF. Colección Ciencias de la Salud |
||
| 999 |
_a610.7368 S31 _wDEWEY _c2 _i71221 _d2019-9-30 _e2019-9-30 _f2021-11-3 _g5 _lCCODEBUL1 _mBUL _n8 _p62.84 _q1 _r0 _sY _tBOOK _u2015-6-9 _xSALUD _PP22 _0COMPRA _o.STAFF. Colección Ciencias de la Salud |
||
| 999 |
_a610.7368 S29 2013 _wDEWEY _c1 _iFJ09856 _e2017-3-27 _f2022-1-25 _g4 _lCCODEBUJ1 _mBUJ _n2 _p62.00 _r0 _sY _tBOOK _u2015-9-16 _xSALUD _PP33 _0COMPRA _o.STAFF. Colección General Juliaca |
||
| 980 |
_81 _gALBERTO SANCHEZ Responsable de Automatización |
||